[Event "Russian Championship G17 1st league 2016"]
[Site "Loo"]
[Date "2016.04.27"]
[Round "8.9"]
[White "Averina, Vera"]
[Black "Polzunova, Anastasiya"]
[Result "1/2-1/2"]
[WhiteElo "1697"]
[BlackElo "1645"]
[PlyCount "73"]
[EventDate "2016.04.20"]

1. d4 e6 2. c4 b6 3. Nf3 Bb7 4. g3 f5 5. Bg2 Nf6 6. O-O Be7 7. Nc3 O-O 8. e3
Ne4 9. Nxe4 Bxe4 10. Ne5 Bxg2 11. Kxg2 d6 12. Qf3 Nd7 13. Nxd7 Qxd7 14. b3 Bf6
15. Bb2 Rfd8 16. Rfd1 d5 17. Rac1 c5 18. Qe2 dxc4 19. bxc4 Qb7+ 20. Kg1 Rac8
21. f4 Qe4 22. Qd3 Qxd3 23. Rxd3 Rd7 24. Ba1 cxd4 25. Bxd4 Kf7 26. Kf1 Rdc7 27.
Rdc3 Be7 28. a4 Bb4 29. R3c2 Ba3 30. Ra1 Bc5 31. Rac1 h5 32. h4 Ba3 33. Ra1 Bc5
34. Rac1 Ba3 35. Ra1 Bc5 36. Rac1 Ba3 37. Ra1 1/2-1/2

[Event "Russian Championship G17 1st league 2016"]
[Site "Loo"]
[Date "2016.04.27"]
[Round "8.10"]
[White "Zakarian, Diana"]
[Black "Dunaevskaya, Alisa"]
[Result "1-0"]
[WhiteElo "1625"]
[BlackElo "1558"]
[PlyCount "141"]
[EventDate "2016.04.20"]

1. e4 d6 2. d4 Nf6 3. Nc3 g6 4. Nf3 Bg7 5. Be3 O-O 6. Qd2 a6 7. Bd3 c6 8. h3
Nbd7 9. g4 e5 10. Bg5 exd4 11. Nxd4 Qb6 12. Nb3 Re8 13. O-O-O d5 14. Be3 Qc7
15. exd5 Nxd5 16. Nxd5 cxd5 17. f4 b6 18. f5 Bb7 19. Rhf1 Nc5 20. f6 Bf8 21.
Bh6 Nxd3+ 22. Kb1 Nc5 23. Bxf8 Ne6 24. Be7 Rac8 25. c3 Rxe7 26. fxe7 Qxe7 27.
Rde1 Qd6 28. Nd4 Nc5 29. Qf2 Qd7 30. Qh4 Ne4 31. Re2 a5 32. Rd1 Ba6 33. Re3 Qa4
34. Qe1 b5 35. Nb3 Bb7 36. Rd4 b4 37. cxb4 axb4 38. Rxb4 Qa7 39. Re2 Ra8 40. a3
Ba6 41. Re3 Rc8 42. Nd2 Qc5 43. Nxe4 Qc2+ 44. Ka1 dxe4 45. Rexe4 Bd3 46. Re8+
Rxe8 47. Qxe8+ Kg7 48. Qe5+ Kh6 49. g5+ Kh5 50. Qe1 Kxg5 51. Rg4+ Kf6 52. Qc3+
Ke6 53. Qxc2 Bxc2 54. b4 Ba4 55. Kb2 h5 56. Rg5 Bd7 57. h4 Kd6 58. Kc3 Bf5 59.
a4 Kc6 60. Kd4 f6 61. Rg1 Kb6 62. Rc1 Bd7 63. a5+ Ka6 64. Kc5 g5 65. hxg5 fxg5
66. Rf1 h4 67. Rf6+ Kb7 68. b5 h3 69. a6+ Kb8 70. b6 Bc8 71. Rf8 1-0

[Event "Russian Championship G17 1st league 2016"]
[Site "Loo"]
[Date "2016.04.27"]
[Round "8.11"]
[White "Guskova, Alina"]
[Black "Logunova, Elizaveta"]
[Result "1/2-1/2"]
[WhiteElo "1831"]
[BlackElo "1731"]
[PlyCount "63"]
[EventDate "2016.04.20"]

1. d4 Nf6 2. c4 c6 3. Nc3 d5 4. e3 a6 5. Nf3 Bf5 6. Be2 e6 7. O-O Be7 8. b3 O-O
9. Bb2 Nbd7 10. h3 h6 11. Bd3 Bxd3 12. Qxd3 b5 13. cxd5 cxd5 14. Rac1 Rc8 15.
Rc2 Qb6 16. Rfc1 Qb8 17. Nd2 Nb6 18. f3 Nh5 19. Ne2 Bd6 20. Rxc8 Rxc8 21. Rxc8+
Qxc8 22. Qc3 Qxc3 23. Bxc3 b4 24. Bb2 f5 25. Kf2 Nf6 26. Nb1 Kf7 27. a4 a5 28.
Nd2 Nbd7 29. Nb1 Nb6 30. Nd2 Nbd7 31. Nb1 Nb6 32. Nd2 1/2-1/2

[Event "Russian Championship G17 1st league 2016"]
[Site "Loo"]
[Date "2016.04.27"]
[Round "8.14"]
[White "Zhekotova, Darya"]
[Black "Shovunova, Maryana"]
[Result "1-0"]
[WhiteElo "1543"]
[BlackElo "1571"]
[PlyCount "99"]
[EventDate "2016.04.20"]

1. e4 e5 2. Nf3 Nc6 3. Bc4 Bc5 4. c3 Nf6 5. d4 exd4 6. e5 Ng4 7. cxd4 Bb4+ 8.
Nc3 O-O 9. h3 Nh6 10. Bxh6 gxh6 11. Qd2 Kg7 12. h4 d6 13. O-O-O dxe5 14. Nxe5
Nxe5 15. dxe5 Qxd2+ 16. Kxd2 Bf5 17. Bd3 Rad8 18. Kc2 Bxd3+ 19. Rxd3 Rxd3 20.
Kxd3 Rd8+ 21. Kc4 Bxc3 22. Kxc3 Kg6 23. Rh3 Rd5 24. Rg3+ Kh5 25. Rg7 Rxe5 26.
Rxf7 Rc5+ 27. Kb4 Rc2 28. Kb3 Rc6 29. Rf4 a6 30. a4 b6 31. Rc4 Rf6 32. Rxc7
Rxf2 33. Rc6 Rxg2 34. Rxb6 Rg6 35. Rb4 Rc6 36. a5 Rd6 37. Kc4 Rg6 38. Kc5 Rf6
39. Rd4 Rg6 40. b4 Rf6 41. Rd6 Rg6 42. b5 Rg1 43. bxa6 Rc1+ 44. Kb6 Rb1+ 45.
Kc7 Rb5 46. a7 Rxa5 47. Kb7 Rb5+ 48. Rb6 Rxb6+ 49. Kxb6 Kxh4 50. a8=Q 1-0

[Event "Russian Championship G17 1st league 2016"]
[Site "Loo"]
[Date "2016.04.27"]
[Round "8.16"]
[White "Gorenkova, Anna"]
[Black "Bezverhaya, Marina"]
[Result "1-0"]
[WhiteElo "1648"]
[BlackElo "1604"]
[PlyCount "77"]
[EventDate "2016.04.20"]

1. d4 d5 2. c4 c6 3. Nc3 Nf6 4. Nf3 e6 5. Bg5 h6 6. Bh4 g5 7. Bg3 dxc4 8. a4
Bg7 9. e3 O-O 10. Bxc4 Nbd7 11. O-O Qe7 12. h3 Rd8 13. Qc2 Nb6 14. Be2 Nbd5 15.
Ne5 Nd7 16. Nxd5 cxd5 17. Nd3 b6 18. Rfc1 Bb7 19. Qb3 Rdc8 20. a5 Bf8 21. Bc7
Nc5 22. dxc5 Rxc7 23. axb6 axb6 24. Qxb6 Rxa1 25. Rxa1 Rc6 26. Qb5 f6 27. Ra7
Rc7 28. Qb6 Rd7 29. b4 Bc6 30. Rxd7 Qxd7 31. Nb2 Be7 32. b5 Ba8 33. c6 Qc8 34.
Na4 Bd8 35. Qa7 Bc7 36. b6 Bb8 37. b7 Qc7 38. g3 Bxb7 39. Qxb7 1-0

[Event "Russian Championship G17 1st league 2016"]
[Site "Loo"]
[Date "2016.04.27"]
[Round "8.17"]
[White "Alekseeva, Nariya"]
[Black "Lanina, Evgenia"]
[Result "1-0"]
[WhiteElo "1690"]
[BlackElo "1499"]
[PlyCount "119"]
[EventDate "2016.04.20"]

1. e4 c6 2. d4 d5 3. Nc3 dxe4 4. Nxe4 Bf5 5. Ng3 Bg6 6. Bc4 Nf6 7. N1e2 e6 8.
O-O Qc7 9. Nf4 Nd5 10. Nxg6 hxg6 11. Qf3 Bd6 12. Re1 Nd7 13. h3 N7f6 14. Ne4
Nxe4 15. Qxe4 O-O-O 16. Bxd5 cxd5 17. Qd3 Rh5 18. Re3 Kb8 19. Bd2 Rc8 20. Rc1
Qc4 21. Qxc4 Rxc4 22. c3 Rc8 23. Rf3 Rf5 24. Rxf5 gxf5 25. b3 Rc6 26. c4 dxc4
27. bxc4 Ba3 28. Rc2 Rb6 29. g3 Rb2 30. Rxb2 Bxb2 31. Be3 Kc7 32. Kf1 Kc6 33.
Ke2 a5 34. Kd3 Ba3 35. Kc3 Be7 36. Kb3 Bd8 37. a4 Be7 38. Bd2 Bd8 39. Kc2 b6
40. Kd3 Bc7 41. g4 fxg4 42. hxg4 Bb8 43. Ke4 Bh2 44. Bc3 g5 45. Bd2 f6 46. Bc3
Bg1 47. f4 gxf4 48. Kxf4 Bh2+ 49. Ke4 Kd7 50. c5 Bc7 51. cxb6 Bxb6 52. d5 exd5+
53. Kxd5 Ke7 54. Kc6 Bd8 55. Kb5 Kd7 56. Bxa5 Bxa5 57. Kxa5 Kc7 58. Kb5 Kb7 59.
Kc5 Ka6 60. Kd6 1-0

[Event "Russian Championship G17 1st league 2016"]
[Site "Loo"]
[Date "2016.04.27"]
[Round "8.18"]
[White "Ivanets, Anastasiya"]
[Black "Tatarinova, Elena"]
[Result "0-1"]
[WhiteElo "1472"]
[BlackElo "1726"]
[PlyCount "116"]
[EventDate "2016.04.20"]

1. d4 Nf6 2. e3 g6 3. Bd3 Bg7 4. f4 d6 5. Nf3 O-O 6. O-O c5 7. c3 Nc6 8. h3 Qc7
9. g4 cxd4 10. exd4 e5 11. dxe5 dxe5 12. fxe5 Nd7 13. Bf4 Ncxe5 14. Nxe5 Bxe5
15. Qd2 Rd8 16. Qf2 Bxf4 17. Qxf4 Ne5 18. Be4 Be6 19. b3 Qa5 20. c4 Nd3 21. Qe3
Qe5 22. Nd2 Nc5 23. Rfe1 Rxd2 24. Qxd2 Nxe4 25. Qg2 Qd4+ 26. Kh2 Qd6+ 27. Kg1
Qd4+ 28. Kh2 Nf6 29. Rad1 Qf4+ 30. Qg3 Qxg3+ 31. Kxg3 Ne8 32. Rd2 Kf8 33. Rf2
Ke7 34. b4 Rc8 35. c5 Nc7 36. Rd2 Rd8 37. Red1 Nd5 38. a3 Rd7 39. Kh4 h6 40.
Re1 a6 41. g5 hxg5+ 42. Kxg5 f6+ 43. Kh4 g5+ 44. Kg3 Rd8 45. h4 gxh4+ 46. Kxh4
Kf7 47. Rf1 f5 48. Kg3 Rg8+ 49. Kf3 f4 50. Ke4 Rg5 51. Rb1 Nc3+ 52. Kxf4 Rf5+
53. Ke3 Nxb1 54. Rh2 Rg5 55. Rf2+ Ke7 56. a4 Nc3 57. Rc2 Nd5+ 58. Kd2 Rg2+ 0-1

[Event "Russian Championship G17 2016"]
[Site "Loo"]
[Date "2016.04.27"]
[Round "8.1"]
[White "Mylnikova, Olga"]
[Black "Shuvalova, Polina"]
[Result "0-1"]
[WhiteElo "2194"]
[BlackElo "2196"]
[PlyCount "138"]
[EventDate "2016.04.20"]

1. d4 Nf6 2. c4 g6 3. Nc3 Bg7 4. e4 O-O 5. Nf3 d6 6. Be2 e5 7. O-O Na6 8. Be3
Ng4 9. Bg5 Qe8 10. dxe5 dxe5 11. h3 h6 12. Bd2 Nf6 13. Be3 Qe7 14. a3 c6 15. b4
Nh5 16. Re1 Nf4 17. Bf1 Rd8 18. Qc2 Qf6 19. Nh2 Ne6 20. Rad1 Nd4 21. Qc1 Kh7
22. Bxd4 exd4 23. e5 Qe7 24. Nb1 Nc7 25. Nf3 a5 26. c5 axb4 27. axb4 Ne6 28.
Bc4 Ra4 29. Bxe6 Bxe6 30. Rxd4 Rxd4 31. Nxd4 Rxb4 32. Nxe6 Qxe6 33. Nd2 Qd5 34.
Qc3 Rb5 35. Ne4 Qxe5 36. Qc4 Qd5 37. Qxd5 cxd5 38. Nd6 Rxc5 39. Nxb7 Rc7 40.
Nd6 Rd7 41. Nb5 h5 42. Rd1 Bf6 43. g3 Kg7 44. h4 Be5 45. Kg2 Kf6 46. Kf3 Ke6
47. Ke3 Rb7 48. Rb1 Kd7 49. Kd3 f5 50. Ke3 Kc6 51. Na3 Rxb1 52. Nxb1 Kc5 53.
Nd2 Bd4+ 54. Ke2 Bc3 55. Nb3+ Kc4 56. Nc1 Be5 57. Nd3 Bd6 58. Kd2 f4 59. gxf4
Kd4 60. f3 Be7 61. Ne5 Bxh4 62. Nxg6 Bf6 63. Nf8 Kc4 64. Ne6 d4 65. Nxd4 Bxd4
66. Ke2 h4 67. f5 h3 68. f6 h2 69. f7 Bc5 0-1

[Event "Russian Championship G17 2016"]
[Site "Loo"]
[Date "2016.04.27"]
[Round "8.2"]
[White "Afonasieva, Anna"]
[Black "Protopopova, Anastasiya"]
[Result "0-1"]
[WhiteElo "2133"]
[BlackElo "2188"]
[PlyCount "142"]
[EventDate "2016.04.20"]

1. d4 Nf6 2. Nf3 e6 3. g3 b5 4. Bg2 Bb7 5. O-O Be7 6. a4 b4 7. c4 bxc3 8. Nxc3
d5 9. Bf4 O-O 10. Qb3 Ba6 11. Nb5 Ne8 12. Rfc1 c6 13. Nxa7 Rxa7 14. Qxb8 Qxb8
15. Bxb8 Ra8 16. Bf4 f6 17. Bh3 Kf7 18. Rxc6 Bc8 19. b3 Bd7 20. Rb6 Rg8 21. a5
g5 22. Bxg5 Rxg5 23. Nxg5+ fxg5 24. a6 Bd6 25. Rc1 Ke7 26. b4 Nc7 27. Rb7 Nxa6
28. b5 Nb4 29. e3 Nd3 30. Rd1 Nb2 31. Rc1 Nc4 32. Bf1 Na5 33. Ra1 Bb4 34. Rb6
Rc8 35. Ra6 Nc4 36. b6 Rb8 37. Rb1 Bd6 38. Bxc4 dxc4 39. Rc1 Bb5 40. Ra7+ Kf6
41. b7 Ke7 42. e4 e5 43. d5 Be8 44. Rxc4 Bd7 45. Kg2 h5 46. Ra8 Rxb7 47. Rh8
Be8 48. Rc8 Bg6 49. f3 g4 50. fxg4 hxg4 51. Rc4 Rc7 52. Ra4 Rb7 53. Rh4 Rb2+
54. Kf1 Bc5 55. Rh6 Be8 56. Rh7+ Kd6 57. Ra6+ Bb6 58. Rh6+ Kc5 59. Ra1 Bb5+ 60.
Ke1 Bd3 61. Ra4 Kb5 62. Ra1 Ba5+ 63. Kd1 Rf2 64. Rxa5+ Kxa5 65. Rh5 Kb4 66.
Rxe5 Kc3 67. Rf5 Rxf5 68. exf5 Bxf5 69. Ke2 Kd4 70. d6 Bd7 71. Kf2 Ke5 0-1

[Event "Russian Championship G17 2016"]
[Site "Loo"]
[Date "2016.04.27"]
[Round "8.3"]
[White "Gorovenko, Darya"]
[Black "Illina, Natalia"]
[Result "1-0"]
[WhiteElo "2082"]
[BlackElo "1945"]
[PlyCount "65"]
[EventDate "2016.04.20"]

1. d4 Nf6 2. g3 e6 3. Bg2 d5 4. Nf3 b5 5. O-O Bb7 6. c3 c5 7. a4 b4 8. cxb4
cxb4 9. a5 Bd6 10. Nbd2 O-O 11. Nb3 Nbd7 12. Qd3 Rb8 13. Bf4 Bxf4 14. gxf4 Bc6
15. Ne5 Bb5 16. Qd2 Nxe5 17. dxe5 Ng4 18. Nd4 Qd7 19. Rfc1 a6 20. e3 Qe7 21.
Nc6 Bxc6 22. Rxc6 Rfc8 23. Rac1 Qd8 24. h3 Rxc6 25. Rxc6 Nh6 26. Rxa6 Qc7 27.
Qd4 g6 28. Kh2 Nf5 29. Qa7 Rb7 30. Qa8+ Kg7 31. Qe8 Ne7 32. Ra8 Nf5 33. Qf8#
1-0

[Event "Russian Championship G17 2016"]
[Site "Loo"]
[Date "2016.04.27"]
[Round "8.4"]
[White "Nosacheva, Mariya"]
[Black "Borisova, Ekaterina"]
[Result "1-0"]
[WhiteElo "2021"]
[BlackElo "2058"]
[PlyCount "33"]
[EventDate "2016.04.20"]

1. e4 c5 2. Nf3 d6 3. d4 Nf6 4. Nc3 cxd4 5. Nxd4 Nc6 6. Bg5 Bd7 7. Qd2 Rc8 8.
f4 Nxd4 9. Qxd4 Qa5 10. e5 Nd5 11. Qxd5 Rc5 12. Qd2 g6 13. O-O-O Bg7 14. Bxe7
Rxc3 15. Bxd6 Bg4 16. Qxc3 Qxa2 17. Bb5+ 1-0

[Event "Russian Championship G17 2016"]
[Site "Loo"]
[Date "2016.04.27"]
[Round "8.5"]
[White "Korchagina, Alena"]
[Black "Milovanova, Maria"]
[Result "1/2-1/2"]
[WhiteElo "2031"]
[BlackElo "1844"]
[PlyCount "96"]
[EventDate "2016.04.20"]

1. Nf3 d5 2. d4 Nf6 3. c4 e6 4. Nc3 Bb4 5. Qa4+ Nc6 6. e3 O-O 7. Qc2 Re8 8. Bd2
e5 9. cxd5 Nxd5 10. dxe5 Bg4 11. Bd3 h6 12. Bh7+ Kh8 13. Be4 Bxc3 14. Bxc3 Bxf3
15. Bxf3 Nxe5 16. O-O-O c6 17. Bxd5 cxd5 18. Qb3 Qc7 19. Rxd5 b5 20. Kb1 a6 21.
Rhd1 f6 22. Qb4 Rac8 23. Qf4 Qc6 24. g4 a5 25. Qf5 b4 26. Bxe5 fxe5 27. Rd6 Qc7
28. Rd7 Qc5 29. Rxg7 Kxg7 30. Rd7+ Re7 31. Rxe7+ Qxe7 32. Qxc8 Qd6 33. Kc2 Qd5
34. b3 Qf3 35. Qd7+ Kg8 36. Qe6+ Kg7 37. Qxe5+ Kg8 38. Qe6+ Kg7 39. Qd7+ Kg8
40. Qd2 Qxg4 41. f4 Qf3 42. Qd8+ Kg7 43. Qd4+ Kg8 44. Qc4+ Kg7 45. Qd4+ Kg8 46.
Qd2 Kh8 47. h4 h5 48. Qd8+ Kh7 1/2-1/2

[Event "Russian Championship G17 2016"]
[Site "Loo"]
[Date "2016.04.27"]
[Round "8.6"]
[White "Kozina, Anastasia"]
[Black "Erdenieva, Oyuna"]
[Result "0-1"]
[WhiteElo "1994"]
[BlackElo "2123"]
[PlyCount "92"]
[EventDate "2016.04.20"]

1. e4 c6 2. d4 d5 3. e5 Bf5 4. h4 h5 5. Ne2 e6 6. c4 Ne7 7. Ng3 Bg6 8. Bg5 Nd7
9. cxd5 Qa5+ 10. Bd2 Qxd5 11. Bc3 c5 12. Na3 cxd4 13. Bxd4 Nc6 14. Nb5 Bb4+ 15.
Bc3 Bxc3+ 16. Nxc3 Qxe5+ 17. Be2 Rd8 18. O-O O-O 19. Bf3 Nc5 20. Qc1 Nd4 21.
Qg5 Nxf3+ 22. gxf3 Nd3 23. Qxe5 Nxe5 24. Kg2 Rd3 25. Rad1 Rfd8 26. Rxd3 Rxd3
27. Rd1 Nxf3 28. Rxd3 Ne1+ 29. Kf1 Nxd3 30. b3 Nf4 31. Kg1 Bd3 32. Kh2 Kf8 33.
Na4 b6 34. Nb2 Bb1 35. a3 Ba2 36. b4 Bd5 37. Nd1 Ke7 38. Nc3 g6 39. Nf1 Bc6 40.
Nd2 Nd3 41. Kg3 Ne1 42. a4 Nd3 43. a5 Nxb4 44. axb6 axb6 45. Nc4 b5 46. Na3 Nd3
0-1

[Event "Russian Championship G17 2016"]
[Site "Loo"]
[Date "2016.04.27"]
[Round "8.7"]
[White "Potapova, Margarita"]
[Black "Guseva, Lidia"]
[Result "1-0"]
[WhiteElo "2109"]
[BlackElo "2065"]
[PlyCount "137"]
[EventDate "2016.04.20"]

1. e4 c5 2. Nf3 a6 3. c3 e6 4. d4 cxd4 5. cxd4 d6 6. Bd3 Nf6 7. O-O Be7 8. Nc3
O-O 9. Re1 b5 10. e5 dxe5 11. dxe5 Nd5 12. Nxd5 exd5 13. Nd4 g6 14. Bh6 Re8 15.
Qd2 Qb6 16. Nf3 Nc6 17. Qf4 Nd8 18. Qg3 Ne6 19. h4 Ng7 20. Be3 Qd8 21. Qf4 Ne6
22. Qg3 Ng7 23. Ng5 Bf5 24. Bxf5 Nxf5 25. Qg4 h6 26. Nf3 h5 27. Qf4 Bxh4 28.
Rad1 Be7 29. Nd4 Nxe3 30. Qxe3 Bc5 31. Qf3 Bxd4 32. Rxd4 Qe7 33. Rxd5 Rad8 34.
a3 Rxd5 35. Qxd5 Qe6 36. Qe4 Qb6 37. Re3 Qe6 38. g3 Qh3 39. Re1 Qe6 40. Kg2 Qb3
41. Re2 Qe6 42. Re3 Kg7 43. b3 Qe7 44. a4 bxa4 45. bxa4 Kg8 46. Qc6 Qe6 47.
Qxe6 Rxe6 48. Re4 Kf8 49. f4 Ke7 50. Rb4 Rc6 51. Kh3 Kd7 52. Kh4 Ke7 53. Kg5 a5
54. Rb5 Ra6 55. Kh6 Ke6 56. Kg7 Ra7 57. Rb6+ Ke7 58. Rf6 Ke8 59. e6 fxe6+ 60.
Kxg6 Re7 61. Kxh5 e5 62. fxe5 Rxe5+ 63. Kg6 Re3 64. g4 Re4 65. g5 Rxa4 66. Kg7
Rg4 67. g6 Rg5 68. Ra6 Ke7 69. Ra7+ 1-0

[Event "Russian Championship G17 2016"]
[Site "Loo"]
[Date "2016.04.27"]
[Round "8.8"]
[White "Martynyuk, Elizaveta"]
[Black "Aksenova, Maria"]
[Result "1/2-1/2"]
[WhiteElo "2059"]
[BlackElo "1919"]
[PlyCount "92"]
[EventDate "2016.04.20"]

1. e4 c5 2. Nf3 Nc6 3. d4 cxd4 4. Nxd4 e5 5. Nb5 d6 6. N1c3 a6 7. Na3 Be7 8.
Nc4 b5 9. Ne3 Nf6 10. Bd3 Nb4 11. O-O O-O 12. a4 Nxd3 13. cxd3 d5 14. Nexd5
Nxd5 15. Nxd5 Be6 16. axb5 Bxd5 17. exd5 axb5 18. Rxa8 Qxa8 19. Qb3 Rd8 20. d6
Rxd6 21. Qxb5 Rd5 22. Qc4 Qd8 23. f4 Rd4 24. Qa2 exf4 25. Bxf4 Rxd3 26. h3 Qd4+
27. Kh1 Qe4 28. Bg3 Qd5 29. Qa7 Bf6 30. b4 h6 31. Qb8+ Kh7 32. b5 Rd2 33. Bf2
Be5 34. Qb6 Bd4 35. Qc6 Qxc6 36. bxc6 Bxf2 37. c7 Rc2 38. Rxf2 Rxc7 39. Kh2 g5
40. Rf6 Kg7 41. Ra6 Re7 42. Kg3 Re6 43. Ra8 f5 44. Rb8 Kf6 45. h4 gxh4+ 46.
Kxh4 Kg6 1/2-1/2

[Event "Russian Championship G17 2016"]
[Site "Loo"]
[Date "2016.04.27"]
[Round "8.9"]
[White "Abasheeva, Ksenia"]
[Black "Yanuchenko, Polina"]
[Result "1/2-1/2"]
[WhiteElo "1886"]
[BlackElo "2092"]
[PlyCount "114"]
[EventDate "2016.04.20"]

1. e4 c5 2. Nf3 d6 3. d4 cxd4 4. Nxd4 Nf6 5. Nc3 a6 6. h3 e5 7. Nde2 h5 8. g3
Be6 9. Bg2 Be7 10. O-O h4 11. g4 O-O 12. a4 Nbd7 13. Kh2 Rc8 14. a5 Qc7 15. Be3
Rfe8 16. Qc1 Nc5 17. Nd5 Bxd5 18. exd5 Ncd7 19. c3 Qc4 20. Qd1 Nc5 21. f4 e4
22. b4 Nxd5 23. Bd4 Nb3 24. Rb1 Nxd4 25. Qxd4 Qxd4 26. cxd4 Ne3 27. Rfc1 Nxg2
28. Kxg2 d5 29. b5 Ba3 30. Rxc8 Rxc8 31. bxa6 bxa6 32. Rb6 Rc2 33. Kf2 Bc1 34.
Rd6 Bxf4 35. Rxd5 Bg3+ 36. Ke3 Ra2 37. Rc5 Be1 38. d5 Bxa5 39. Rc8+ Kh7 40. Nd4
Bb6 41. Rc4 Ra3+ 42. Kxe4 Rxh3 43. Nf3 f6 44. g5 Rg3 45. gxf6 gxf6 46. Kf4 f5
47. Ng5+ Kg6 48. Rc6+ Kh5 49. Rxb6 Rxg5 50. d6 h3 51. d7 Rg8 52. Rb2 Rd8 53.
Rd2 Kg6 54. Rd6+ Kf7 55. Kxf5 a5 56. Rh6 Rxd7 57. Rxh3 Rd4 1/2-1/2

[Event "Russian Championship G17 2016"]
[Site "Loo"]
[Date "2016.04.27"]
[Round "8.10"]
[White "Tishova, Svetlana"]
[Black "Skomorokhina, Ekaterina"]
[Result "1-0"]
[WhiteElo "1946"]
[BlackElo "1883"]
[PlyCount "67"]
[EventDate "2016.04.20"]

1. e4 c5 2. Nf3 Nc6 3. Bb5 Qc7 4. O-O e6 5. Nc3 a6 6. Bxc6 Qxc6 7. d4 cxd4 8.
Nxd4 Qc7 9. Qe2 d6 10. f4 Be7 11. f5 Nf6 12. Be3 O-O 13. Rad1 b5 14. a3 Bd7 15.
Qf3 Rab8 16. g4 Kh8 17. g5 Ng8 18. Qh3 Qc4 19. g6 fxg6 20. fxg6 h6 21. Rf7 Rbe8
22. Rdf1 e5 23. Nf5 Rxf7 24. gxf7 Qxf7 25. Kh1 Bxf5 26. Rxf5 Qg6 27. Nd5 Rf8
28. Nxe7 Nxe7 29. Rxf8+ Kh7 30. Qf3 d5 31. exd5 Qxc2 32. d6 e4 33. Qg4 Nd5 34.
Qf5+ 1-0

[Event "Russian Championship G17 2016"]
[Site "Loo"]
[Date "2016.04.27"]
[Round "8.11"]
[White "Kosheparova, Tatiana"]
[Black "Golovkina, Anastasia"]
[Result "0-1"]
[WhiteElo "1933"]
[BlackElo "1881"]
[PlyCount "92"]
[EventDate "2016.04.20"]

1. e4 e5 2. Nf3 Nc6 3. d4 exd4 4. Bc4 Nf6 5. e5 d5 6. Bb5 Ne4 7. Nxd4 Bd7 8.
Bxc6 bxc6 9. O-O Bc5 10. f3 Ng5 11. f4 Ne4 12. Be3 Qb8 13. Nd2 Qxb2 14. Rb1 Qa3
15. Rb3 Qa6 16. Nxe4 dxe4 17. f5 Qc4 18. e6 Bc8 19. Qh5 O-O 20. e7 Bxe7 21. f6
Ba6 22. Rf2 Bxf6 23. Nf5 Rad8 24. Qg4 Qd5 25. Bd2 Qc5 26. Bb4 Qe5 27. Bc3 Qd5
28. Ne3 Qg5 29. Qxg5 Bxg5 30. Bd2 f5 31. Bb4 Rf7 32. g3 g6 33. Ra3 Bb5 34. Bc5
a6 35. h4 Bh6 36. Rc3 Rfd7 37. Kg2 Rd2 38. h5 Kf7 39. hxg6+ hxg6 40. Ra3 Ke6
41. Rb3 Bg5 42. a3 Rxf2+ 43. Kxf2 Rd2+ 44. Ke1 Bxe3 45. Bxe3 Rxc2 46. Kd1 Rg2
0-1

[Event "Russian Championship G17 2016"]
[Site "Loo"]
[Date "2016.04.27"]
[Round "8.12"]
[White "Shafigullina, Zarina"]
[Black "Krapivina, Galina"]
[Result "1-0"]
[WhiteElo "1930"]
[BlackElo "1859"]
[PlyCount "55"]
[EventDate "2016.04.20"]

1. d4 d5 2. c4 Nc6 3. Nf3 Bg4 4. Nc3 e6 5. Ne5 Nxe5 6. dxe5 c6 7. Qa4 d4 8. Ne4
Bf5 9. Ng3 Bg6 10. Bf4 Qb6 11. O-O-O O-O-O 12. Bd2 Qc5 13. e4 dxe3 14. Bxe3
Rxd1+ 15. Kxd1 Qxe5 16. Qxa7 Qb8 17. Qxb8+ Kxb8 18. Be2 Bd6 19. Kc1 Ne7 20. Rd1
Rd8 21. Rxd6 Rxd6 22. Bf4 Kc7 23. c5 Nd5 24. Bxd6+ Kd7 25. Bc4 b5 26. Bxd5 cxd5
27. Bf8 Kc6 28. b4 1-0

[Event "Russian Championship G17 2016"]
[Site "Loo"]
[Date "2016.04.27"]
[Round "8.13"]
[White "Kheyfets, Nataliya"]
[Black "Simakova, Elena"]
[Result "0-1"]
[WhiteElo "2035"]
[BlackElo "1826"]
[PlyCount "82"]
[EventDate "2016.04.20"]

1. e4 c5 2. Nf3 e6 3. c3 d5 4. e5 Nc6 5. d4 Qb6 6. a3 c4 7. Nbd2 Na5 8. g3 Bd7
9. Bh3 Ne7 10. O-O Ng6 11. Ne1 h5 12. Ng2 h4 13. Qg4 Be7 14. Nf4 Nxf4 15. Qxf4
hxg3 16. fxg3 Rxh3 17. Kg2 Rh8 18. Qxf7+ Kd8 19. Qxg7 Re8 20. h4 Kc7 21. h5 Nc6
22. Rh1 Rg8 23. Qh7 Rh8 24. Qc2 Rag8 25. Nf3 Be8 26. h6 Bg6 27. Qf2 Be4 28. Rh5
Rf8 29. Bf4 Bxf3+ 30. Kxf3 Bd8 31. Qc2 Ne7 32. Ke2 Rf5 33. Rah1 Qb5 34. Bg5 Qe8
35. g4 Rff8 36. Bf6 Ng6 37. Bxh8 Nf4+ 38. Ke3 Nxh5 39. Qh7+ Rf7 40. Bg7 Bg5+
41. Ke2 Ng3+ 0-1

[Event "Russian Championship G17 2016"]
[Site "Loo"]
[Date "2016.04.27"]
[Round "8.14"]
[White "Spiridonova, Yana"]
[Black "Zhemchuzhina, Elizaveta"]
[Result "0-1"]
[WhiteElo "1824"]
[BlackElo "2000"]
[PlyCount "74"]
[EventDate "2016.04.20"]

1. c4 Nf6 2. Nc3 e5 3. g3 d5 4. cxd5 Nxd5 5. Bg2 Nb6 6. Nf3 Nc6 7. O-O Be7 8.
d3 O-O 9. Be3 Be6 10. Ne4 f6 11. Nc5 Bxc5 12. Bxc5 Re8 13. Rc1 Qd7 14. Re1 Bd5
15. Qc2 Red8 16. b4 Rac8 17. a4 Qf7 18. a5 Nd7 19. Ra1 b6 20. b5 Nxc5 21. bxc6
Nb3 22. Bh3 Nxa1 23. Rxa1 Be6 24. Bxe6 Qxe6 25. a6 Rd5 26. Qb3 Rd6 27. Qb5 Qd5
28. Qb2 Rxc6 29. d4 exd4 30. Nxd4 Rc5 31. e3 Rd8 32. Rb1 Qc4 33. Nb5 Rxb5 34.
Qxb5 Rd1+ 35. Kg2 Qxb5 36. Rxb5 c6 37. Rb4 Ra1 0-1

[Event "Russian Championship G17 2016"]
[Site "Loo"]
[Date "2016.04.27"]
[Round "8.15"]
[White "Barbaeva, Irina"]
[Black "Yurovskikh, Yasmin"]
[Result "0-1"]
[WhiteElo "1968"]
[BlackElo "1892"]
[PlyCount "72"]
[EventDate "2016.04.20"]

1. e4 d5 2. exd5 Qxd5 3. Nc3 Qa5 4. d4 Nf6 5. Bc4 Nc6 6. Nge2 Bf5 7. O-O O-O-O
8. Rb1 e5 9. Be3 exd4 10. Bxd4 Nxd4 11. Nxd4 Qc5 12. Ncb5 a6 13. b4 Qb6 14. Qe1
axb5 15. Nxb5 Bd6 16. Qc3 Ne4 17. Qf3 Bg6 18. Rfd1 Be5 19. Bd3 Nd6 20. Na3 Qc6
21. Qh3+ Qd7 22. Qf3 h5 23. c4 Qg4 24. Qe3 Qf4 25. Qa7 Qxh2+ 26. Kf1 Rhe8 27.
c5 c6 28. Bxg6 fxg6 29. Qa8+ Kc7 30. cxd6+ Bxd6 31. Qa5+ Kb8 32. f3 h4 33. Qb6
c5 34. Rxd6 Rxd6 35. Qxc5 Rd2 36. Qg1 Qe5 0-1

[Event "Russian Championship G17 2016"]
[Site "Loo"]
[Date "2016.04.27"]
[Round "8.16"]
[White "Mukhtarova, Anastasiia"]
[Black "Khristenko, Anna"]
[Result "1/2-1/2"]
[WhiteElo "1877"]
[BlackElo "1962"]
[PlyCount "112"]
[EventDate "2016.04.20"]

1. c4 g6 2. g3 Bg7 3. Bg2 d6 4. d4 Nf6 5. Nf3 O-O 6. O-O Nbd7 7. Nc3 e5 8. e4
c6 9. Re1 Qe7 10. Rb1 a5 11. a3 exd4 12. Nxd4 Nc5 13. b4 axb4 14. axb4 Ne6 15.
Be3 h5 16. h3 Nh7 17. Qd2 Qf6 18. Red1 Nxd4 19. Bxd4 Qxd4 20. Qxd4 Bxd4 21.
Rxd4 Ra3 22. Ne2 c5 23. Rxd6 cxb4 24. Nd4 Ng5 25. Kh2 Ra2 26. h4 Ne6 27. Kg1
Nc5 28. Nb3 Nxb3 29. Rxb3 Ra1+ 30. Kh2 Ra2 31. f3 Be6 32. Rxb4 Rc8 33. Rd4 b5
34. Rxb5 Bxc4 35. Rb1 Be2 36. Kg1 Rc3 37. Rdb4 Bxf3 38. Bxf3 Rxf3 39. R4b3 Rff2
40. Rd1 Rfe2 41. Rf3 Rxe4 42. Rd8+ Kg7 43. Rd7 Re1+ 44. Rf1 Rxf1+ 45. Kxf1 Kf6
46. Rd5 Ke6 47. Rg5 Rd2 48. Ra5 f6 49. Ke1 Rg2 50. Ra3 Kf5 51. Kf1 Rd2 52. Ra4
Ke5 53. Kg1 Kf5 54. Kf1 Rc2 55. Rb4 Rd2 56. Ra4 Rh2 1/2-1/2

[Event "Russian Championship G17 2016"]
[Site "Loo"]
[Date "2016.04.27"]
[Round "8.17"]
[White "Makhno, Maria"]
[Black "Perfilova, Maria"]
[Result "1-0"]
[WhiteElo "1962"]
[BlackElo "1844"]
[PlyCount "63"]
[EventDate "2016.04.20"]

1. d4 Nf6 2. Nf3 g6 3. c4 Bg7 4. Nc3 d5 5. cxd5 Nxd5 6. e4 Nxc3 7. bxc3 c5 8.
Bc4 Qa5 9. Qb3 O-O 10. O-O Nc6 11. Be3 a6 12. a4 Qc7 13. Ng5 e6 14. Qb2 Rd8 15.
Rad1 Bd7 16. Qa3 cxd4 17. cxd4 Be8 18. d5 Ne5 19. Bb3 Ng4 20. d6 Qc6 21. Nxe6
Qxe4 22. Nxd8 Qe5 23. g3 Rxd8 24. Qc5 Nxe3 25. Qxe3 Qf6 26. d7 Bxd7 27. Rxd7
Rf8 28. Rxb7 Qc6 29. Rb6 Qa8 30. Re1 h5 31. Rxg6 Kh8 32. Rg5 1-0